Movies Quiz

Random Movies or Nominee Quiz

Oscar Nominees (2009) Quiz Stats

Quiz Updated Feb 27, 2014

Challenge
Share
Tweet
Embed
Score 0/50 Timer 10:00
1 Play Today
Category Nominee % Correct
Best PictureAvatar
85.2%
Best Animated FeatureUp
83.6%
Best Original Screenplay (Film title)Up (Pete Docter, Bob Peterson)
83.6%
Best PictureUp
83.6%
Best Original Screenplay (Film title)The Hurt Locker (Mark Boal)
75.9%
Best PictureThe Hurt Locker
75.9%
Best DirectorJames Cameron (Avatar)
73%
Best ActressSandra Bullock (The Blind Side)
66.8%
Best Adapted Screenplay (Film title)Up in the Air (Jason Reitman, Sheldon Turner)
62.6%
Best PictureUp in the Air
62.6%
Best ActorGeorge Clooney (Up in the Air)
62.3%
Best ActressMeryl Streep (Julie & Julia)
62.1%
Best ActorJeff Bridges (Crazy Heart)
55.7%
Best PicturePrecious: Based on the Novel Push by Sapphire
55.5%
Best Adapted Screenplay (Film title)Precious (Geoffrey Fletcher)
55.5%
Best PictureThe Blind Side
55.4%
Best Original Screenplay (Film title)Inglourious Basterds (Quentin Tarantino)
51.8%
Best PictureInglourious Basterds
51.8%
Best Supporting ActressMo'Nique (Precious)
49%
Best DirectorKathryn Bigelow (The Hurt Locker)
45.7%
Best DirectorQuentin Tarantino (Inglourious Basterds)
41.6%
Best Supporting ActorMatt Damon (Invictus)
38.1%
Best ActorMorgan Freeman (Invictus)
37.9%
Best Adapted Screenplay (Film title)District 9 (Neill Blomkamp, Terri Tatchell)
37.4%
Best PictureDistrict 9
37.4%
Category Nominee % Correct
Best Supporting ActorChristoph Waltz (Inglourious Basterds)
37.3%
Best ActorColin Firth (A Single Man)
36.8%
Best ActorJeremy Renner (The Hurt Locker)
36.2%
Best Adapted Screenplay (Film title)An Education (Nick Hornby)
35.7%
Best PictureAn Education
35.7%
Best DirectorJason Reitman (Up in the Air)
32%
Best Original Screenplay (Film title)A Serious Man (Ethan Coen, Joel Coen)
30.4%
Best PictureA Serious Man
30.4%
Best Supporting ActressAnna Kendrick (Up in the Air)
30.2%
Best ActressGabourey Sidibe (Precious)
30%
Best ActressHelen Mirren (The Last Station)
29.9%
Best Supporting ActressVera Farmiga (Up in the Air)
28.4%
Best ActressCarey Mulligan (An Education)
27.9%
Best Animated FeatureFantastic Mr. Fox
27.9%
Best Animated FeatureThe Princess and The Frog
26.9%
Best Supporting ActressPenelope Cruz (Nine)
25.6%
Best Animated FeatureCoraline
24.4%
Best Supporting ActressMaggie Gyllenhaal (Crazy Heart)
24%
Best Supporting ActorChristopher Plummer (The Last Station)
21.2%
Best DirectorLee Daniels (Precious)
20.7%
Best Supporting ActorStanley Tucci (The Lovely Bones)
19.3%
Best Supporting ActorWoody Harrelson (The Messenger)
17.6%
Best Animated FeatureThe Secret of Kells
12.6%
Best Original Screenplay (Film title)The Messenger (Alessandro Camon & Oren Moverman)
12.4%
Best Adapted Screenplay (Film title)In The Loop (Armstrong, Blackwell, Iannucci, Roche)
11.4%

You're not logged in!

Compare scores with friends on all Sporcle quizzes.
Join for Free
OR
Log In

You Might Also Like...

Show Comments

Extras

Top Quizzes Today


Score Distribution

Your Account Isn't Verified!

In order to create a playlist on Sporcle, you need to verify the email address you used during registration. Go to your Sporcle Settings to finish the process.

Report this User

Report this user for behavior that violates our Community Guidelines.

Details: